Arctic Monkeys Song by Synonym - Statistics

General Stats
  • This quiz has been taken 3,615 times
  • The average score is 11 of 18
Answer Stats
Hint Answer % Correct
Absorb It And Look Suck it and See
87%
Would I Desire to Realise? Do I Wanna Know?
84%
I Reckon You Appear Well On The Disco Ground I Bet You Look Good on the Dancefloor
82%
Jiving Footwear Dancing Shoes
81%
Luminous Teenager Fluorescent Adolescent
74%
False Stories of Saint Francis Fake Tales of San Francisco
72%
Grumpy Butt Mardy Bum
72%
Weeping Firebolts Crying Lightning
66%
Theodore Chooser Teddy Picker
61%
A Particular Relationship A Certain Romance
60%
My Spinning, Motorised Blade My Propellor
58%
Ski Mask Balaclava
53%
While the Star Descends When the Sun Goes Down
51%
Passion is a Beacon Adventure Love is a Laserquest
46%
Singular Vertex Aspect One Point Perspective
43%
Celebrity Management Star Treatment
38%
Click Away Against It Snap Out Of It
34%
Intersection Rock Cornerstone
28%
No matching quizzes found
Score Distribution
Percent of People with Each Score
Percentile by Number Answered
Your Score History
You have not taken this quiz